[Event "It (open)"]
[Site "masterchessopen.com - Gent (Belgium)"]
[Round "4"]
[White "Lacrosse Marc (BEL)"]
[Black "Cuypers Dries (BEL)"]
[Result "1-0"]
[WhiteElo "2264"]
[BlackElo "1860"]

1.d4 Nf6 2.c4 c5 3.d5 e6 4.Nc3 exd5 5.cxd5 d6 6.Nf3 g6 7.g3 Bg7 8.Bg2 O-O
9.O-O Bg4 10.Nd2 Qd7 11.a4 Na6 12.Nc4 Nc7 13.Bf4 Nfe8 14.Qd2 Rb8 15.f3 {#r}
1-0

[Event "It (open)"]
[Site "masterchessopen.com - Jyvaskyla (Finland)"]
[Round "1"]
[White "Solozhenkin Evgeniy (RUS)"]
[Black "Kauppila Osmo (FIN)"]
[Result "1-0"]
[WhiteElo "2501"]
[BlackElo "2264"]

1.d4 Nf6 2.c4 c5 3.d5 e6 4.Nc3 exd5 5.cxd5 d6 6.Nf3 g6 7.g3 Bg7 8.Bg2 O-O
9.O-O Re8 10.Nd2 Ng4 11.h3 Ne5 12.f4 Ned7 13.e4 f5 14.Kh2 Nf6 15.exf5 gxf5
16.Nc4 Qd7 17.Re1 b5 18.Nxb5 Qxb5 19.Nxd6 Qd7 20.Nxe8 Qxe8 {#r} 1-0

[Event "Cup Russia (w)"]
[Site "masterchessopen.com - Kazan (Russia)"]
[Round "1"]
[White "Chernova Anastasia (RUS)"]
[Black "Ambartsumova Karina (RUS)"]
[Result "0-1"]
[WhiteElo "2040"]
[BlackElo "2140"]

1.d4 Nf6 2.c4 c5 3.d5 e6 4.Nc3 exd5 5.cxd5 d6 6.g3 g6 7.Bg2 Bg7 8.Nf3 O-O
9.O-O a6 10.a4 Nbd7 11.Bf4 Qc7 12.e4 Ng4 13.Nd2 Nge5 14.Qe2 Re8 15.Be3 Nf6
16.h3 Rb8 17.f4 Ned7 18.Rab1 b5 19.axb5 axb5 20.Nxb5 Qb6 21.Na3 Ba6 22.Ndc4
Qb3 23.Rfc1 Nxe4 24.Kh2 Nb6 25.Bf1 Nxc4 26.Nxc4 Bxc4 27.Rxc4 Nxg3 {#R} 0-1

[Event "It (cat.10)"]
[Site "masterchessopen.com - Pancevo (Yugoslavia)"]
[Round "11"]
[White "Micic Cedomir (SRB)"]
[Black "Grigoriants Sergey (RUS)"]
[Result "0-1"]
[WhiteElo "2404"]
[BlackElo "2551"]

{ } 1.d4 { 1 } 1...Nf6 2.c4 e6 3.g3 c5 4.d5 exd5 5.cxd5 d6 6.Nc3 g6 7.Bg2 Bg7
8.Nf3 O-O 9.O-O Na6 10.Bf4 { = } 10...Nc7 ( 10...Re8 11.Nd2 Nh5 12.Be3 Nc7
13.a4 b6 14.Bf3 Ba6 15.Re1 Rxe3 16.fxe3 Nf6 17.Qc2 Qe7 18.e4 h5 19.e3 Bh6
20.Nd1 Re8 21.Nf2 Nd7 22.b4 Ne5 23.b5 Bc8 24.Bg2 h4 25.Ra2 hxg3 26.hxg3 Qg5
27.Nf1 Bg7 28.Qe2 a6 29.Rb1 Qd8 30.Bh3 { ...0-1, Nikolic Predrag 2657 -
Topalov Veselin 2707 , Monaco 2000 It "Melody Amber" (active) } ) 11.a4 (
11.e4 Re8 12.Re1 Rb8 13.h3 Nh5 14.Bg5 Bf6 15.Bxf6 Qxf6 16.e5 Qd8 17.Qd2 dxe5
18.Nxe5 Nf6 19.Rad1 Bd7 20.Qf4 Rf8 21.Qh6 Nce8 22.Ne4 Nxe4 23.Rxe4 Nf6 24.Rh4
Re8 25.Re1 Bc8 26.Re3 Qd6 27.Nc4 Qf8 28.Qf4 Nd7 29.Qc7 b5 30.Rxe8 Qxe8 {
...1-0, Sorokin Maxim 2570 - Contin Daniel 2385 , Bratislava 1993 It (open) }
) 11...Re8 { } ( 11...a6 12.h3 Rb8 13.a5 b5 14.axb6 Rxb6 15.Nd2 Rxb2 16.Bxd6
Rxd2 17.Qxd2 Qxd6 18.f4 Nb5 19.Rac1 Bf5 20.Nxb5 axb5 21.Rfd1 Be4 22.e3 Re8
23.Bxe4 Nxe4 24.Qg2 b4 25.Rc4 Nc3 26.Re1 Bd4 { 0-1, Loetscher Roland 2080 -
Jurek Josef 2390 , Baden 1998 It (open) "Stadtcasino" } ) 12.Re1 { N } (
12.Nd2 Nh5 13.Be3 b6 ( 13...Rb8 14.Nc4 f5 15.Qd2 a6 16.a5 Nb5 17.Bg5 Qc7
18.Bf3 Nf6 19.Bf4 Bf8 20.Bh6 Bxh6 21.Qxh6 Nd7 22.h4 Ne5 23.Qf4 Nxc4 24.Qxc4
Nd4 25.Bg2 b5 26.axb6 Qxb6 27.e3 Nb3 28.Ra2 Nd2 29.Qa4 Re7 30.Rd1 Nb3 31.Bf1
a5 { ...1/2-1/2, Juan Antonio Picazo - Ivan Parada, Albacete 2000 It (c) } )
14.Nc4 Ba6 15.Na3 Qd7 16.Qc2 Re7 17.Rfe1 Rae8 18.Bf3 Nf6 19.Bf4 h6 20.Rad1 g5
21.Bc1 Ng4 22.b3 Ne5 23.Bg2 f5 24.Bb2 g4 25.Qb1 h5 26.Nc2 h4 27.Ne3 Rf8 28.Nf1
Qe8 29.gxh4 Ng6 30.e3 Nxh4 31.Ng3 Be5 { ...0-1, Birnboim Nathan 2445 - Suba
Mihai 2580 , Beer-Sheva 1986 It (cat.8) } ) 12...Ne4 13.Nxe4 Rxe4 14.Bg5 Qf8
15.Rb1 Bd7 16.b3 b5 17.a5 Rae8 18.Bf4 h6 19.Nd2 Rb4 20.e4 { ?! } ( 20.h4 { !?
} 20...Rd4 21.e3 Rd3 22.Qe2 { } ) 20...g5 21.Be3 f5 22.f4 fxe4 23.fxg5 hxg5 {
? } ( { ? } 23...Nxd5 24.gxh6 Bf6 25.Kh1 Kh8 { } ) 24.Qh5 { ? } ( { ? } 24.Rf1
Qe7 25.Qh5 Nxd5 26.Bxg5 { } ) 24...Nxd5 { ?! } ( 24...Re5 { !? } 25.Rf1 Qe7
26.Bxe4 Rexe4 { } ) 25.Bxg5 { ?! } ( 25.Rf1 { !? } 25...Nf6 26.Qxg5 Re5 27.Qh4
{ } ) 25...Nf6 { ? } ( { ? } 25...Re5 26.Nxe4 Rbxe4 27.Bxe4 Nf6 { } ) 26.Bxf6
Qxf6 27.Bxe4 Qd4+ 28.Kh1 { ?? } ( { ? } 28.Kf1 Rxe4 29.Nxe4 Qd3+ 30.Qe2 { } )
28...Rxe4 29.Nf3 Bc6 { } {#R} 0-1

[Event "It (open)"]
[Site "masterchessopen.com - Porto San Giorgio (Italy)"]
[Round "5"]
[White "Delchev Aleksander (BUL)"]
[Black "Rotstein Arkadij (GER)"]
[Result "1-0"]
[WhiteElo "2601"]
[BlackElo "2525"]

1.d4 Nf6 2.Nf3 e6 3.c4 c5 4.d5 d6 5.Nc3 exd5 6.cxd5 g6 7.g3 Bg7 8.Bg2 O-O
9.O-O a6 10.a4 Re8 11.Bf4 Qc7 12.Rc1 Nbd7 13.Re1 Nh5 14.Bd2 Nhf6 15.h3 Nb6
16.b4 Nc4 17.Qb3 cxb4 18.Qxb4 Bd7 19.Bg5 Rac8 20.Nd2 Qb6 21.Qxb6 Nxb6 22.Nde4
Nxe4 23.Nxe4 Nc4 24.a5 Be5 25.f4 Bd4+ 26.Kh2 Nxa5 27.Nxd6 Rxc1 28.Rxc1 Rxe2
29.Rc7 Re1 30.g4 Bg1+ 31.Kg3 Be8 32.Rc8 Re3+ 33.Bf3 Kf8 34.f5 Re5 35.Bh6+ Ke7
36.Rxe8+ Kxd6 37.Bf8+ {#r} 1-0

[Event "It (active) \"]
[Site "masterchessopen.com - Reykjavik (Iceland)"]
[Round "1"]
[White "Edvardsson Kristjan (ISL)"]
[Black "Gudmundsson Kjartan (ISL)"]
[Result "1-0"]
[WhiteElo "2230"]
[BlackElo "2069"]

1.d4 Nf6 2.c4 e6 3.g3 c5 4.d5 exd5 5.cxd5 d6 6.Nc3 g6 7.Bg2 Bg7 8.Nf3 O-O
9.O-O Na6 10.Nd2 Nc7 11.a4 a6 12.Nc4 Rb8 13.Bf4 Nce8 14.a5 Nh5 15.Bd2 Bd7
16.Qb3 f5 17.e3 Qe7 18.Rfe1 Qf7 19.Qb6 Qf6 20.Rac1 g5 21.Bf3 f4 22.Ne4 Qg6
23.exf4 gxf4 24.Qb3 fxg3 25.Nxg3 Bg4 26.Be4 Qf7 27.Be3 {#r} 1-0

[Event "Ch Ukraine"]
[Site "masterchessopen.com - Simferopol (Ukraine)"]
[Round "1"]
[White "Mjasoedov Gleb (UKR)"]
[Black "Simantsev Mikhail (UKR)"]
[Result "0-1"]
[WhiteElo "2190"]
[BlackElo "2402"]

1.d4 Nf6 2.c4 c5 3.d5 e6 4.Nc3 exd5 5.cxd5 d6 6.g3 g6 7.Bg2 Bg7 8.Nf3 O-O
9.O-O Na6 10.Nd2 Nc7 11.a4 b6 12.Nde4 Nxe4 13.Nxe4 Bb7 14.Bg5 f6 15.Bf4 Ne8
16.h4 h6 17.Qd2 g5 18.Be3 Qe7 19.g4 Bc8 20.Bh3 Qxe4 {#R} 0-1

[Event "Ch Slovakia (team) 2003/04 (1 liga) West"]
[Site "masterchessopen.com - Slovakia"]
[Round "6"]
[White "Bojda Lubomir (SVK)"]
[Black "Rovnak Peter (SVK)"]
[Result "0-1"]
[WhiteElo "2156"]
[BlackElo "2135"]

1.d4 Nf6 2.c4 e6 3.g3 c5 4.d5 exd5 5.cxd5 d6 6.Nc3 g6 7.Bg2 Bg7 8.Nf3 O-O
9.O-O a6 10.a4 Nbd7 11.Bf4 Qe7 12.Re1 Ng4 13.e4 Nde5 14.Nxe5 Nxe5 15.a5 Bd7
16.Qe2 Rae8 17.Ra3 f5 18.Rb3 fxe4 19.Bxe5 Bxe5 20.Qxe4 Qf6 21.Qb1 Bxc3 22.Rf1
Re1 23.Rxe1 Qxf2+ 24.Kh1 Qxe1+ 25.Qxe1 Bxe1 26.Rxb7 Bb5 27.Rb6 Bxa5 28.Rxd6
Rf2 29.Bh3 Rxb2 30.Rf6 Bc3 31.Be6+ Kg7 32.Rf7+ Kh6 33.h4 Bd3 34.g4 Be4+ 35.Kg1
Bd4+ 36.Kf1 Bd3+ 37.Ke1 Bc3+ 38.Kd1 Rb1# 0-1

[Event "Cup Rilton"]
[Site "masterchessopen.com - Stockholm (Sweden)"]
[Round "6"]
[White "Gleizerov Evgeny (RUS)"]
[Black "Ornstein Axel (SWE)"]
[Result "1-0"]
[WhiteElo "2539"]
[BlackElo "2426"]

1.d4 Nf6 2.c4 e6 3.g3 c5 4.d5 exd5 5.cxd5 d6 6.Nc3 g6 7.Nf3 Bg7 8.Bg2 O-O
9.O-O Re8 10.Bf4 Ne4 11.Nxe4 Rxe4 12.Nd2 Rxf4 13.gxf4 Bxb2 14.Rb1 Bg7 15.Nc4
b6 16.Qa4 Ba6 17.e3 Bxc4 18.Qxc4 a6 19.a4 Nd7 20.Rb3 b5 21.axb5 Nb6 22.Qe2 c4
23.Rbb1 a5 24.e4 Qf6 25.Qe3 Qd4 26.Qa3 Qf6 27.Qg3 Bh6 28.e5 Qxf4 29.exd6 Qxg3
30.hxg3 c3 31.Be4 a4 32.Ra1 Bf8 33.Ra3 f5 34.Bc2 Rc8 35.d7 Nxd7 36.Rxa4 Kf7
37.Ra7 Ke7 {#r} 1-0

[Event "It (open)"]
[Site "masterchessopen.com - Trinec (Czech Republic)"]
[Round "1"]
[White "Jurcik Marian (SVK)"]
[Black "Simacek Pavel (CZE)"]
[Result "0-1"]
[WhiteElo "2329"]
[BlackElo "2424"]

1.d4 Nf6 2.c4 c5 3.d5 e6 4.Nc3 exd5 5.cxd5 d6 6.Nf3 g6 7.g3 Bg7 8.Bg2 O-O
9.Nd2 Nbd7 10.Nc4 Nb6 11.Qb3 Nxc4 12.Qxc4 a6 13.Qh4 Ng4 14.Qxd8 Rxd8 15.a4 Rb8
16.O-O h6 17.Bd2 b5 18.axb5 axb5 19.Rfb1 b4 20.Nd1 Bd7 21.Bh3 Nf6 22.Bxd7 Rxd7
23.Ne3 Ne4 24.Bc1 Bd4 25.Ra6 Re8 26.Kf1 Rde7 27.Nc4 Bxf2 28.Bxh6 g5 29.Rxd6 f6
30.Rc6 Rh7 31.d6 Rd8 32.Ra1 Rxh6 33.Kg2 Bd4 34.d7 Rxd7 35.Ra8+ Kf7 36.Kf3 g4+
{#R} 0-1

[Event "Ch Hungary (team) 2002/03 (2 liga)"]
[Site "masterchessopen.com - Hungary"]
[Date "2003.03.23"]
[Round "9"]
[White "Gal Sandor (HUN)"]
[Black "Borsi Imre (HUN)"]
[Result "1-0"]
[WhiteElo "2155"]
[BlackElo "2204"]

1.d4 Nf6 2.c4 e6 3.Nc3 c5 4.d5 exd5 5.cxd5 d6 6.Nf3 g6 7.g3 Bg7 8.Bg2 O-O
9.O-O Re8 10.h3 Na6 11.Nd2 Rb8 12.a4 Nb4 13.Nc4 Bf5 14.Bf4 Bc2 15.Qd2 Bf8
16.Nb5 Rxe2 17.Qxe2 Bd3 18.Qd2 Bxc4 19.Rfd1 a6 20.Nc3 Bb3 21.Rdc1 Qd7 22.Kh2
Re8 23.Ra3 Bc4 24.Bg5 Bg7 25.Bxf6 Bxf6 26.Ne4 Rxe4 27.Bxe4 b5 28.b3 Bd3
29.Bxd3 Nxd5 30.axb5 axb5 31.Be4 Nb6 32.Ra6 Qc7 33.Qa5 Bd8 34.Qxb5 {#r} 1-0

[Event "Memorial Leonardo Di Bona"]
[Site "masterchessopen.com - Cutro (Italy)"]
[Date "2003.04.30"]
[Round "8"]
[White "Drasko Milan (MNE)"]
[Black "Chatalbashev Boris (BUL)"]
[Result "1-0"]
[WhiteElo "2486"]
[BlackElo "2554"]

1.d4 Nf6 2.c4 c5 3.d5 e6 4.Nc3 exd5 5.cxd5 d6 6.Nf3 g6 7.g3 Bg7 8.Bg2 O-O
9.O-O Re8 10.a4 Nbd7 11.h3 Ne4 12.Nxe4 Rxe4 13.Nd2 Rb4 14.Ra2 h5 15.b3 h4
16.g4 Ne5 17.Ba3 Rxg4 18.hxg4 Bxg4 19.f4 Nd3 20.Ne4 Nb4 21.Bxb4 cxb4 22.Qd3
Bf5 23.Bh3 Qd7 24.Bxf5 Qxf5 25.Nxd6 Qg4+ 26.Kh1 Rd8 27.Nc4 h3 28.e4 Bh6 29.Qf3
Qh4 30.Rh2 {#r} 1-0

[Event "Ch Bulgaria (team)"]
[Site "masterchessopen.com - Plovdiv (Bulgaria)"]
[Date "2003.11.07"]
[Round "4"]
[White "Marinov Antonio (BUL)"]
[Black "Panajotov Janko (BUL)"]
[Result "0-1"]
[WhiteElo "2072"]
[BlackElo "2297"]

1.d4 Nf6 2.c4 e6 3.g3 c5 4.d5 exd5 5.cxd5 d6 6.Nc3 g6 7.Bg2 Bg7 8.Nf3 O-O
9.O-O Re8 10.Bf4 a6 11.a4 Nh5 12.Bg5 Qc7 13.Qd2 Nd7 14.Ra2 Rb8 15.a5 b5
16.axb6 Rxb6 17.g4 Nhf6 18.h3 Bb7 19.Rc1 Qb8 20.Ne1 Ba8 21.Rc2 Ne5 22.Nd3 Nxd3
23.Qxd3 Bb7 24.Bf4 Rb4 25.e3 Nd7 26.Ra4 Bxc3 {#R} 0-1

[Event "Ch Belgium (team) 2003/04"]
[Site "masterchessopen.com - Belgium"]
[Date "2004.01.25"]
[Round "2"]
[White "Winants Luc (BEL)"]
[Black "Van Haastert Edwin (NED)"]
[Result "1-0"]
[WhiteElo "2519"]
[BlackElo "2411"]

1.d4 e6 2.c4 c5 3.d5 exd5 4.cxd5 d6 5.Nc3 g6 6.Nf3 Bg7 7.g3 Nf6 8.Bg2 O-O
9.O-O a6 10.a4 Nbd7 11.Bf4 Qc7 12.Rc1 Nh5 13.Bd2 Ne5 14.Nxe5 Bxe5 15.b4 c4
16.Be3 Qe7 17.Bd4 Bd7 18.a5 Rac8 19.f4 Bg7 20.e4 Bh6 21.Qf3 f6 22.Rfe1 Qe8
23.Ne2 Ng7 24.g4 Rf7 25.Bc3 Qd8 26.Nd4 Ne8 27.Ne6 Bxe6 28.dxe6 Re7 29.Rcd1
Rxe6 30.g5 Bg7 31.Bh3 f5 32.exf5 Rxe1+ 33.Rxe1 gxf5 34.Bxf5 Rc7 35.Bxh7+ Kf8
36.Qd5 {#r} 1-0

[Event "It (open)"]
[Site "masterchessopen.com - St. Lo (France)"]
[Date "2004.02.16"]
[Round "3"]
[White "Navrotescu Catalin (ROM)"]
[Black "Chatalbashev Boris (BUL)"]
[Result "0-1"]
[WhiteElo "2410"]
[BlackElo "2554"]

1.d4 g6 2.c4 Bg7 3.Nf3 c5 4.d5 d6 5.Nc3 e6 6.g3 exd5 7.cxd5 Nf6 8.Bg2 O-O
9.O-O Re8 10.Bf4 a6 11.a4 Bg4 12.h3 Bxf3 13.Bxf3 Qe7 14.e4 Nbd7 15.Re1 c4
16.Be3 Rac8 17.Bg2 Nc5 18.Bxc5 Rxc5 19.f4 Nd7 20.Kh2 Rcc8 21.e5 dxe5 22.d6 Qf8
23.f5 gxf5 24.Qf3 Qxd6 25.Qxf5 Qe6 26.Be4 Qxf5 27.Bxf5 Rcd8 28.Ne4 Nf6 29.Rad1
Nxe4 30.Bxe4 Rd4 31.Bxb7 Rb8 32.Bxa6 Rxb2+ 33.Kg1 c3 {#R} 0-1

[Event "It (open)"]
[Site "masterchessopen.com - La Roda (Spain)"]
[Date "2004.04.08"]
[Round "2"]
[White "Delchev Aleksander (BUL)"]
[Black "Kovacevic Slobodan (SRB)"]
[Result "1-0"]
[WhiteElo "2601"]
[BlackElo "2367"]

{ Delchev Aleksander (BUL) +2 =2 -0 } 1.d4 { 1 } 1...Nf6 2.Nf3 e6 3.c4 c5 4.d5
exd5 5.cxd5 d6 6.Nc3 g6 7.g3 Bg7 8.Bg2 O-O 9.O-O Re8 10.Bf4 a6 11.a4 h6 { ?/=
} 12.Re1 { } ( 12.Qc1 Kh7 13.Re1 Bf5 14.Nh4 Bc8 15.Qc2 b6 16.Nf3 Nh5 17.Bd2
Nd7 18.e4 Rb8 19.Rab1 Ne5 20.Nxe5 Bxe5 21.b4 Bd7 22.Qd3 Qc7 23.bxc5 Qxc5
24.Ne2 b5 25.Rec1 Qb6 26.a5 Qb7 27.Qe3 Bg7 28.Bb4 Bf8 29.Qa3 Rbd8 30.Nd4 Nf6
31.Bxd6 Bh3 { ...1-0, Kharitonov Andrei V 2540 - Horvath Tamas I 2307 , Berlin
1997 It (open) "Berlin Summer" } ) ( 12.h3 g5 13.Bc1 Bf5 14.Nd2 Nfd7 15.e4 Bg6
16.Ndb1 Nb6 17.Na3 N8d7 18.a5 Nc8 19.Kh2 Na7 20.Nc4 Bf8 21.f4 f6 22.e5 dxe5
23.fxg5 f5 24.gxh6 Nb5 25.Ne4 Nd4 26.Ng5 Nf6 27.Nb6 Rb8 28.Be3 Bd6 29.Bxd4
exd4 30.Ne6 Ng4+ 31.hxg4 Qh4+ { ...1-0, Sokolov Ivan 2525 - Alaan Vince 2370 ,
Baguio 1987 Ch World (juniors) (under 20) } ) 12...Kh7 { N } ( 12...g5 13.Bc1
( 13.Bd2 Bf5 14.h4 g4 15.Nh2 h5 16.e4 Bg6 17.Bf4 Nfd7 18.Nf1 Ne5 19.Ne3 Qb6
20.Qc2 Nbd7 21.Nf5 Bh8 22.b3 Qc7 23.Rac1 Rab8 24.Ne2 b5 25.axb5 axb5 26.Ned4
Qb6 27.Nc6 Nxc6 28.dxc6 Bxf5 29.exf5 Ne5 30.Bxe5 Rxe5 31.Rxe5 Bxe5 32.Qd2 {
...1-0, Bekker-Jensen Simon 2436 - Heyken Enno 2331 , Hamburg 1999 Ch Hamburg
} ) 13...Nbd7 14.Qc2 Rb8 15.Rb1 b5 16.axb5 axb5 17.b4 cxb4 18.Rxb4 Qa5 19.Qb1
Nc5 20.Nd4 Bd7 21.Bd2 Na6 22.Nd1 Nxb4 23.Bxb4 Qb6 24.Nf5 Bxf5 25.Qxf5 Qd4
26.Bxd6 Rbd8 27.Bc7 Rxd5 28.Bxd5 Nxd5 29.Qd7 Nxc7 30.Qxc7 Rxe2 31.Qc8+ Bf8
32.Rf1 { ...1/2-1/2, Kharitonov Andrei V 2460 - Tseitlin Michael 2500 , Sochi
1981 } ) ( 12...Nh5 13.Bc1 Nd7 14.e4 Kh7 15.Bf1 b6 16.Nd2 Ra7 17.Be2 Nhf6
18.f4 Nf8 19.Bf3 h5 20.Nc4 Ng4 21.Re2 Rae7 22.Qb3 Bd4+ 23.Kg2 Rb7 24.h3 Qd7
25.Bxg4 hxg4 26.h4 b5 27.axb5 axb5 28.Na5 b4 29.Nxb7 Bxb7 30.Nd1 Qb5 31.Re1
Nd7 32.Nf2 { ...0-1, Garcia Cano Antonio 2291 - Izeta Txabarri Felix 2459 ,
Los Yebenes 1990 Zt } ) ( 12...Bf5 13.Qb3 Ne4 14.Nxe4 Rxe4 15.Qxb7 Nd7 16.Bxd6
Rb4 17.Qc7 Qxc7 18.Bxc7 Bxb2 19.Ra2 Bc3 20.Nd2 Re8 21.e4 Rd4 22.Bf4 Nf6 23.Be3
Bxd2 24.Rxd2 Rxd2 25.Bxd2 Bxe4 26.Bxh6 Bxg2 27.Rxe8+ Nxe8 28.Kxg2 f6 29.Bf4 g5
30.d6 Ng7 31.d7 Ne6 32.Bc7 { ...1-0, Gulko Boris F 2530 - Zakharov Alexander
2182 , Moscow 1976 Ch URS } ) ( 12...Ne4 13.Nxe4 Rxe4 14.Nd2 Rb4 15.e4 g5
16.Be3 Bxb2 17.e5 Bf5 18.Ra2 Bxe5 19.Bxc5 dxc5 20.Rxe5 Bg6 21.Re1 Nd7 22.Ra3
Nf6 23.Qc1 Rc8 24.Rc3 c4 25.Nxc4 Nxd5 26.Bxd5 Qxd5 27.Nb6 Rxc3 28.Qxc3 Qd4
29.Qc8+ Kg7 30.Nd7 Rb2 31.Rf1 Rd2 32.Qf8+ { ...1-0, Lempereur Frederic 2256 -
Renaudin Jean-Philippe 2220 , Paris 1991 Ch Paris (open) } ) 13.e4 Bg4 14.h3
Bxf3 15.Bxf3 g5 16.Bd2 Nbd7 17.Qc2 Kg8 18.Bg2 Rb8 19.Nd1 Ne5 { ?! } ( 19...g4
{ !? } 20.f3 gxf3 21.Bxf3 b5 { } ) 20.Ne3 Ng6 21.Nf5 Bf8 22.a5 Nd7 23.Ra3 Rc8
24.h4 f6 25.f4 c4 26.Qd1 gxf4 27.gxf4 Kh7 28.Rg3 { } {#r} 1-0

[Event "Ch Ukraine (1/2 final)"]
[Site "masterchessopen.com - Alushta (Ukraine)"]
[Date "2004.05.11"]
[Round "8"]
[White "Tikhomirov Alexey (UKR)"]
[Black "Truskavetsky Alexandr (UKR)"]
[Result "0-1"]
[WhiteElo "2248"]
[BlackElo "2364"]

1.d4 Nf6 2.c4 c5 3.d5 e6 4.Nc3 exd5 5.cxd5 d6 6.g3 g6 7.Bg2 Bg7 8.Nf3 O-O
9.O-O Bg4 10.h3 Bxf3 11.exf3 Na6 12.f4 Nc7 13.a4 a6 14.a5 Nb5 15.Bd2 Re8
16.Re1 Qd7 17.Na4 Rxe1+ 18.Bxe1 Re8 19.Nb6 Qc7 20.Nc4 Ne4 21.f3 Bd4+ 22.Kh2
Nf6 23.f5 Nxd5 24.fxg6 hxg6 25.f4 Ne7 26.Qe2 Kf8 27.Rc1 Nf5 28.Qf3 Ne3 29.Nxe3
Rxe3 30.Qg4 Qe7 31.Bf2 Re2 32.Bxd4 Nxd4 33.h4 Qe4 {#R} 0-1

[Event "It (open)"]
[Site "masterchessopen.com - Kranj (Slovenia)"]
[Date "2004.05.14"]
[Round "9"]
[White "Rodman Franc (SLO)"]
[Black "Jeran Bostjan (SLO)"]
[Result "1-0"]
[WhiteElo "2215"]
[BlackElo "2033"]

1.d4 Nf6 2.c4 c5 3.d5 e6 4.Nc3 exd5 5.cxd5 d6 6.Nf3 g6 7.g3 Bg7 8.Bg2 O-O
9.O-O Re8 10.Nd2 b6 11.a4 Ba6 12.Nb5 Bxb5 13.axb5 Nbd7 14.Ra4 Re7 15.h3 Ne8
16.Nc4 Ne5 17.Bg5 f6 18.Nxe5 Rxe5 19.Bf4 Re7 20.Qd3 Qd7 21.b4 Rc8 22.Rc1 cxb4
23.Rc6 Rc7 24.Rxb4 g5 25.Bd2 h6 26.g4 Rc8 27.Be4 Ra8 28.Rbc4 Qd8 29.Bf5 Rc7
30.Bb4 a6 31.bxa6 Rxa6 32.Re4 Ra1+ 33.Kg2 Rxc6 34.dxc6 Rc1 35.Qd5+ Kh8 {#r}
1-0

[Event "It (open)"]
[Site "masterchessopen.com - Triesen (Liechtenstein)"]
[Date "2004.05.17"]
[Round "4"]
[White "Remensberger Paul (SUI)"]
[Black "Kohlweyer Bernd (GER)"]
[Result "0-1"]
[WhiteElo "2067"]
[BlackElo "2429"]

1.d4 Nf6 2.c4 e6 3.Nf3 c5 4.d5 d6 5.Nc3 exd5 6.cxd5 g6 7.g3 Bg7 8.Bg2 O-O
9.O-O Na6 10.Nd2 Nc7 11.a4 b6 12.Qb3 Ba6 13.Nc4 Qd7 14.Na3 Rfe8 15.Re1 Ng4
16.Ncb5 f5 17.Bd2 h6 18.Bc3 Nf6 19.Rad1 Re7 20.e3 Bxb5 21.axb5 Rae8 22.h3 Ne4
23.Bxg7 Rxg7 24.Re2 h5 25.Kh2 h4 26.Rg1 hxg3+ 27.fxg3 Rh7 28.Qd3 Re5 29.g4
Rxd5 30.Qc4 Qe6 31.gxf5 Qe5+ {#R} 0-1

[Event "Ch Germany (juniors) (under 14)"]
[Site "masterchessopen.com - Willingen (Germany)"]
[Date "2004.06.04"]
[Round "9"]
[White "Koelsch Maximilian (GER)"]
[Black "Laqua Stefan (GER)"]
[Result "1-0"]
[WhiteElo "2083"]
[BlackElo "1732"]

1.d4 Nf6 2.c4 e6 3.Nf3 c5 4.d5 exd5 5.cxd5 d6 6.g3 g6 7.Nc3 Bg7 8.Bg2 O-O
9.O-O a6 10.a4 b6 11.Nd2 Re8 12.Nc4 Ng4 13.Ne4 Bf8 14.Bf4 Ne5 15.Nxe5 dxe5
16.Bg5 Be7 17.Bxe7 Rxe7 18.Nf6+ Kg7 19.d6 Re6 20.d7 Nxd7 21.Nh5+ gxh5 22.Bxa8
Qc7 23.Bg2 Rd6 24.Qc2 Nf6 25.Rad1 Be6 26.Rxd6 Qxd6 27.e4 c4 28.Rd1 Qb4 29.h3
c3 30.Qxc3 Qxa4 31.Re1 Qd4 32.Qxd4 exd4 33.Rd1 {#r} 1-0

[Event "It (open)"]
[Site "masterchessopen.com - La Fere (France)"]
[Round "8"]
[White "Quiniou Jean (FRA)"]
[Black "Croenne Olivier (FRA)"]
[Result "0-1"]
[WhiteElo "1715"]
[BlackElo "2051"]

1.d4 Nf6 2.c4 c5 3.d5 e6 4.Nc3 exd5 5.cxd5 d6 6.g3 g6 7.Nf3 Bg7 8.Bg2 O-O
9.O-O a6 10.a4 Nbd7 11.Bf4 Qe7 12.Nd2 Nh5 13.Be3 Ne5 14.h3 f5 15.Nf3 f4
16.gxf4 Nxf4 17.Bxf4 Rxf4 18.Nxe5 Bxe5 19.Qd3 Bd7 20.Ra3 Raf8 21.Nd1 Rxa4
22.Rxa4 Bxa4 23.Qe3 Bd7 24.Kh1 Qh4 {#R} 0-1

[Event "It (open)"]
[Site "masterchessopen.com - Haarlem (Netherlands)"]
[Date "2004.07.04"]
[Round "6"]
[White "Elfstroem Joergen (SWE)"]
[Black "Gouma Ronald (NED)"]
[Result "0-1"]
[WhiteElo "2131"]
[BlackElo "2011"]

1.d4 c5 2.d5 Nf6 3.c4 e6 4.Nc3 exd5 5.cxd5 d6 6.Nf3 g6 7.g3 Bg7 8.Bg2 O-O
9.O-O Na6 10.Nd2 Nc7 11.a4 a6 12.Nc4 Re8 13.Bf4 Bf8 14.e4 Nh5 15.Be3 Rb8 16.a5
Bd7 17.Re1 Na8 18.f4 b5 19.axb6 Nxb6 20.Bf1 Nxc4 21.Bxc4 Rxb2 22.Rxa6 Bh3
23.Bc1 Rg2+ 24.Kh1 Nxg3+ 25.hxg3 Rxg3 26.Rg1 Rxc3 27.Ra3 Rxa3 28.Bxa3 Rxe4
29.Qf3 Rxc4 {#R} 0-1

[Event "It \"]
[Site "masterchessopen.com - Philadelphia (USA)"]
[Date "2004.07.06"]
[Round "9"]
[White "Shapiro Daniel E (USA)"]
[Black "Weatherly Daryll (USA)"]
[Result "1-0"]
[WhiteElo "2264"]
[BlackElo "2107"]

1.d4 Nf6 2.c4 e6 3.g3 c5 4.d5 exd5 5.cxd5 d6 6.Nc3 g6 7.Bg2 Bg7 8.Nf3 O-O
9.O-O a6 10.a4 Re8 11.Bf4 Ng4 12.Re1 Ne5 13.Nxe5 dxe5 14.Be3 Nd7 15.a5 Rb8
16.Ne4 b6 17.axb6 Qxb6 18.Rb1 a5 19.Qc2 f5 20.Nxc5 Qd6 21.Ne6 Bf6 22.Qa4 Bb7
23.Qxa5 e4 24.Red1 Bxb2 25.Rxb2 Rxe6 26.Bf4 Ne5 27.Rdb1 Re7 28.Rb6 Qd7 29.Qa7
Qc7 30.Qa3 Ra8 {#r} 1-0

[Event "It (open)"]
[Site "masterchessopen.com - Balatonlelle (Hungary)"]
[Date "2004.07.25"]
[Round "7"]
[White "Liptay Laszlo (HUN)"]
[Black "Kende Gyorgy (HUN)"]
[Result "1-0"]
[WhiteElo "2355"]
[BlackElo "2206"]

1.d4 Nf6 2.c4 c5 3.d5 e6 4.Nc3 exd5 5.cxd5 d6 6.g3 g6 7.Bg2 Bg7 8.Nf3 O-O
9.O-O a6 10.a4 Re8 11.Bf4 Qe7 12.h3 Nbd7 13.e4 Nh5 14.Bg5 Bf6 15.Bxf6 Qxf6
16.Re1 Ne5 17.Nxe5 Qxe5 18.Kh2 Bd7 19.f4 Qd4 20.Qf3 Ng7 21.e5 Nf5 22.Re4 Qd2
23.Re2 Qd4 24.Ne4 Kg7 25.Nf6 Re7 26.g4 Nh4 27.Qg3 Nxg2 28.Kxg2 Bxa4 29.Qh4 h6
30.Ne4 Bd1 31.Rxd1 Qxd1 32.Nc3 {#r} 1-0

[Event "Ch Switzerland (team) 2004"]
[Site "masterchessopen.com - Switzerland"]
[Date "2004.11.06"]
[Round "8"]
[White "Loetscher Roland (SUI)"]
[Black "Fejzullahu Afrim (SRB)"]
[Result "1-0"]
[WhiteElo "2328"]
[BlackElo "2302"]

1.d4 Nf6 2.c4 e6 3.g3 c5 4.d5 exd5 5.cxd5 d6 6.Nf3 g6 7.Bg2 Bg7 8.Nc3 O-O
9.Nd2 Re8 10.h3 Na6 11.Nc4 Nc7 12.Bf4 Bf8 13.a4 b6 14.O-O Ba6 15.Qb3 Nh5
16.Bd2 Rb8 17.Rfe1 Bc8 18.e4 Bg7 19.g4 Nf6 20.Bf4 Bf8 21.e5 dxe5 22.Nxe5 Bb7
23.Nxf7 Kxf7 24.Bxc7 Qd7 25.Bxb8 Rxb8 26.Re6 Bc8 27.Ne4 Nxe4 28.Qf3+ Kg8
29.Qxe4 Qc7 30.Re8 Bd7 31.d6 Rxe8 32.dxc7 Rxe4 33.Bxe4 Bc8 34.Rd1 {#r} 1-0

[Event "It (open)"]
[Site "masterchessopen.com - Villa Ballester (Argentina)"]
[Date "2005.01.12"]
[Round "6"]
[White "Airando Martin (ARG)"]
[Black "Aberbach Angel (ARG)"]
[Result "1-0"]
[WhiteElo "2195"]
[BlackElo "2083"]

1.d4 Nf6 2.c4 c5 3.d5 e6 4.Nc3 exd5 5.cxd5 d6 6.Nf3 g6 7.g3 Bg7 8.Bg2 O-O
9.O-O Re8 10.Nd2 Na6 11.Re1 Nc7 12.Nc4 Ng4 13.Bf4 Ne5 14.Nxe5 Bxe5 15.Bxe5
Rxe5 16.e4 Re8 17.f4 f6 18.Qd2 Rb8 19.Qf2 b5 20.e5 fxe5 21.fxe5 Bf5 22.g4 Bd3
23.Qg3 c4 24.exd6 Rxe1+ 25.Rxe1 Ne8 26.Re7 {#r} 1-0